East-West relations (legal, economic, political etc. aspects)

Αποθηκεύτηκε σε:
Λεπτομέρειες βιβλιογραφικής εγγραφής
Συγγραφή απο Οργανισμό/Αρχή: Ινστιτούτο Διεθνούς Δημοσίου Δικαίου & Διεθνών Σχέσεων
Μορφή: Βιβλίο
Γλώσσα:English
Δημοσίευση: Θεσσαλονίκη : Ινστιτούτο Διεθνούς Δημοσίου Δικαίου και Διεθνών Σχέσεων, 1994
Σειρά:Thesaurus acroasium ; ; 21
Θέματα:
Ετικέτες: Προσθήκη ετικέτας
Δεν υπάρχουν, Καταχωρήστε ετικέτα πρώτοι!

MARC

LEADER 00000cam a2200000 i 4500
001 1/49946
008 140626s1994 eng d
035 |l 10118077 
040 |a GR-MY-UA  |b gre  |e aacr 
041 0 |a eng 
082 0 |a 336.3435  |2 (23) 
110 1 |a Ινστιτούτο Διεθνούς Δημοσίου Δικαίου & Διεθνών Σχέσεων. 
245 1 0 |a East-West relations (legal, economic, political etc. aspects) /  |c Ινστιτούτο Διεθνούς Δημοσίου Δικαίου και Διεθνών Σχέσεων Θεσσαλονίκης 
260 |a Θεσσαλονίκη :   |b Ινστιτούτο Διεθνούς Δημοσίου Δικαίου και Διεθνών Σχέσεων,   |c 1994 
300 |a xiv, 521 σ.;  |c 24 εκ. 
490 1 |a Thesaurus acroasium  |v ; 21 
500 |a Περιλαμβάνει κείμενα στα αγγλικά, γαλλικά 
504 |a Περιλαμβάνει βιβλιογραφικές παραπομπές 
650 0 0 |a International economic relations. 
650 0 0 |a East-West trade. 
651 0 |a Europe, Eastern  |x Foreign economic relations  |z European Economic Community countries. 
830 0 |a Thesaurus acroasium ;  |v ; 21 
852 |a INST  |b RHODES  |e 20140626  |h 336.3435 EAS  |p 005400036606  |q 005400036606  |t BK  |y 0 
901 |a BIBL4-2014-2 
909 |a Ρ  |b 183108 
970 |z 2014/06/26